| 000 | 00761cam a22002415a 4500 | ||
|---|---|---|---|
| 001 | L152669 | ||
| 002 | 18715 | ||
| 008 | 110411s2011 xxk f 000 0 eng d | ||
| 020 | _a9781901856316 | ||
| 035 | _a(Sirsi) u152669 | ||
| 041 | 0 | _aeng | |
| 050 | 0 | 4 | _a692.5 $2 18 |
| 110 | 2 |
_aFranklin and Andrews _92518 |
|
| 245 | 0 | 0 | _aGriffiths complete building price book 2011 |
| 250 | _a57th ed. | ||
| 260 |
_aCroydon _bFranklin & Andrews _c2011 |
||
| 300 |
_a579p. _c24cm. |
||
| 520 | _aContains prices for labour and materials for mid-scale new work and small- to mid-scale alterations and repairs. Provides location factors for UK regions. | ||
| 521 | _aAdvanced | ||
| 651 | 4 |
_aUnited Kingdom _y |
|
| 690 | _aBUILT ENVIRONMENT-BUILDING COSTS | ||
| 942 | _n0 | ||
| 999 |
_c112159 _d112159 |
||